00786nam a2200217 a 450000100100000000500170001000800410002704000250006808200200009310000340011324500460014726000400019330000270023350000500026059000270031065000280033765000310036591000370039695201180043399900170055100001200920240412074229.0091103s199? dr 000 p spa d aDO-SdBNPbspacBNPHU aRD861.44bW373c1 aWeber, Andrésd1958-92179014aDel color del presente /cAndrés Weber. a[Santo Domingo] :b[s.n.],c[199-]. a82 p. :bil. ;c21 cm. aIncluye datos biográficos del autor : p. 87 aInventariado, 2019/MFF 0aPoesía dominicana966 0aLiteratura dominicana.967 aValidado. Control de calidad MFF 0010718PDaPDbPDcHDd2009-11-03iLF1l0oRD861.44 W373cp12009-10r2020-06-25w2020-06-25yLFPDZNo se presta c11677d11677